000 00807nam a2200277 a 4500
001 72565
003 BD-RjUL
005 20211209082258.0
008 170521r19441940enka 001 0 eng d
035 _a(BD-RjUL)72783
040 _aWSU
_dEUX
_dBD-RjUL
_beng
_cBD-RjUL
041 _aeng
082 _223
_a536.7
_bROH 1944
100 1 _aRoberts, John Keith,
_d1897-1944.
_9214640
245 1 0 _aHeat and thermodynamics /
_cby J.K. Roberts
250 _a3rd ed.
260 _aLondon :
_bBlackie,
_c1940 [reprinted 1944].
300 _axvi, 488 p. :
_bill. ;
_c23 cm
490 _aThe Student's physics.
500 _aIncludes index
504 _aBibliographical footnotes.
650 0 _aHeat
_9214641
650 0 _aThermodynamics
_9214642
830 0 _aThe Student's physics.
_9214644
942 _2ddc
_cBK
999 _c72565
_d72565